Subjektívna percepcia sekundárnej viktimizácie u obetí sexuálneho zneužívania
Znalosť problematiky druhotnej viktimizácie u profesionálov a laikov. Analýza skúseností obetí sexuálneho zneužívania so sekundárnou viktimizáciou. Aké determinanty pôsobili na prehovorenie, prípadne neprehovorenie obetí sexuálneho zneužívania. Orientácia profesionálov v determinantoch vplývajúcich...
Uložené v:
| Hlavný autor: | |
|---|---|
| Ďalší autori: | |
| Médium: | Kapitola |
| Jazyk: | Slovak |
| Predmet: | |
| Tagy: |
Žiadne tagy, Buďte prvý, kto otaguje tento záznam!
|
MARC
| LEADER | 00000naa a2200000 4500 | ||
|---|---|---|---|
| 001 | 0297233 | ||
| 005 | 20240417075254.8 | ||
| 041 | 0 | |a slo | |
| 044 | |a CZ | ||
| 245 | 1 | 0 | |a Subjektívna percepcia sekundárnej viktimizácie u obetí sexuálneho zneužívania |c Anna Masárová, Katarína Kohútová |
| 520 | |a Znalosť problematiky druhotnej viktimizácie u profesionálov a laikov. Analýza skúseností obetí sexuálneho zneužívania so sekundárnou viktimizáciou. Aké determinanty pôsobili na prehovorenie, prípadne neprehovorenie obetí sexuálneho zneužívania. Orientácia profesionálov v determinantoch vplývajúcich na prehovorenie či neprehovorenie obetí, ktorá môže byť nápomocná v podpore prehovorenia obete. | ||
| 610 | 2 | 0 | |a práca sociálna |
| 610 | 2 | 0 | |a diskriminácia |
| 610 | 2 | 0 | |a práva ľudské |
| 610 | 2 | 0 | |a činy trestné |
| 610 | 2 | 0 | |a právo trestné |
| 610 | 2 | 0 | |a pojmy |
| 610 | 2 | 0 | |a ochrana právna |
| 100 | 1 | |a Masárová, Anna | |
| 700 | 1 | |a Kohútová, Katarína | |